banner koha

A soja na pequena agricultura. Um estudo de caso no Rio Grande do Sul [Estatistica de producao; Produtividade; Glycine max; Brasil] (Registro n. 270405)

MARC details
000 -LÍDER
campo de controle de tamanho fixo 01323nac a22003377a 4500
001 - NÚMERO DE CONTROLE
campo de controle BR8001507
003 - IDENTIFICADOR DO NÚMERO DE CONTROLE
campo de controle BR-BrBNA
005 - DATA E HORÁRIO DA ÚLTIMA TRANSAÇÃO
campo de controle 20240105114626.0
008 - CAMPO DE DADOS FIXOS--INFORMAÇÃO GERAL
campo de controle de tamanho fixo 230509b bl.|||m| |||| 00| 0 por d
040 ## - FONTE DA CATALOGAÇÃO
Instituição da catalogação original BR-BrBNA
Idioma da catalogação por
Instituição que transcreveu o registro Biblioteca Nacional de Agricultura
072 ## - CÓDIGO DE CATEGORIA DE ASSUNTO
Código de Categoria de Assunto E15; F00
090 ## - NÚMERO DE CHAMADA LOCAL
Número de chamada 0336 BR8001507
100 1# - ENTRADA PRINCIPAL--NOME PESSOAL
Nome pessoal Peixoto, H.R.
100 1# - ENTRADA PRINCIPAL--NOME PESSOAL
Nome pessoal Chaloult, N.B.
100 1# - ENTRADA PRINCIPAL--NOME PESSOAL
Nome pessoal Figueiredo, V.
110 1# - ENTRADA PRINCIPAL--NOME CORPORATIVO
Nome corporativo ou nome da jurisdição Secretaria Nacional de Planejamento Agricola, Brasilia, DF (Brasil)
9 (RLIN) 9209
245 1# - TÍTULO
Título A soja na pequena agricultura. Um estudo de caso no Rio Grande do Sul [Estatistica de producao; Produtividade; Glycine max; Brasil]
246 1# - FORMA VARIANTE DO TÍTULO
Título/título abreviado Soybean in the small farming. A study of a case in the state of Rio Grande do Sul [Production statistics; Productivity; Glycine max; Brazil]
260 3# - PUBLICAÇÃO, DISTRIBUIÇÃO, ETC.
Local de publicação, distribuição, etc. Brasilia, DF (Brasil):
Nome do editor, distribuidor, etc. Biblioteca Nacional de Agricultura,
Data da publicação, distribuição, etc. 1979.
300 ## - DESCRIÇÃO FÍSICA
Extensão 72 p.
490 ## - TÍTULO DA SÉRIE
Título da série Estudos sobre o Desenvolvimento Agricola - Secretaria Nacional de Planejamento Agricola (Brazil)
Número do volume ou designação sequencial da série no. 9
ISSN - International Standard Serial Number
500 ## - NOTA GERAL
Nota geral 16 tables; 18 ref.
650 ## - ASSUNTO--TERMO TÓPICO
Cabeçalho tópico ou nome geográfico Microeconomia
650 ## - ASSUNTO--TERMO TÓPICO
Cabeçalho tópico ou nome geográfico Producao vegetal
650 ## - ASSUNTO--TERMO TÓPICO
Cabeçalho tópico ou nome geográfico Soja
650 ## - ASSUNTO--TERMO TÓPICO
Cabeçalho tópico ou nome geográfico Estatistica de producao
650 ## - ASSUNTO--TERMO TÓPICO
Cabeçalho tópico ou nome geográfico Produtividade
650 ## - ASSUNTO--TERMO TÓPICO
Cabeçalho tópico ou nome geográfico Rio Grande do Sul
909 ## -
-- 202312
-- Lúcia Elande
-- 55
-- Lúcia Elande
942 ## - ELEMENTOS DE ENTRADA ADICIONADOS (KOHA)
Fonte da classificação ou esquema de arquivamento na estante Classificação AGRIS
Ocultar no OPAC Não
Tipo de material Koha Monografia Seriada
Exemplares
Situação do descarte Fonte da classificação ou esquema de arquivamento na estante Situação física Não pode ser emprestado Coleção Biblioteca de origem Biblioteca atual Localização na estante Total de empréstimos Número de telefone completo Código de barras Data de último acesso Tipo de material Koha Fonte de aquisição
  Classificação AGRIS       Biblioteca Nacional de Agricultura - Binagri Biblioteca Nacional de Agricultura - Binagri Agrobase - Acervo Geral   0336 BR8001507 0336 BR8001507 18/12/2023 Monografia Seriada Portaria Interministerial nº 164/94

BINAGRI

Telefone: (61)3218-2567/2388/3357/2097 - binagri@agro.gov.br

Ministério da Agricultura e Pecuária , Esplanada dos Ministérios, Bloco D, Anexo B, Brasília/DF, CEP: 70.043-900